Soil Mechanics and Foundations / (Record no. 828)

MARC details
000 -LEADER
fixed length control field 00843nac a22002171u 4500
008 - FIXED-LENGTH DATA ELEMENTS--GENERAL INFORMATION
fixed length control field 100907t xxu||||| |||| 00| 0 eng d
010 ## - LIBRARY OF CONGRESS CONTROL NUMBER
LC control number 99050184
020 ## - INTERNATIONAL STANDARD BOOK NUMBER
International Standard Book Number 8170080819
082 00 - DEWEY DECIMAL CLASSIFICATION NUMBER
Classification number 624.15
Item number PUN
100 ## - MAIN ENTRY--PERSONAL NAME
Personal name Punmia, B. C.
9 (RLIN) 18557
245 10 - TITLE STATEMENT
Title Soil Mechanics and Foundations /
Statement of responsibility, etc B. C. Punmia, Ashok Kumar Jain, Arun Kumar Jain.
260 ## - PUBLICATION, DISTRIBUTION, ETC. (IMPRINT)
Place of publication, distribution, etc New Delhi :
Name of publisher, distributor, etc Lamxi publications,
Date of publication, distribution, etc 2003.
300 ## - PHYSICAL DESCRIPTION
Extent 970 p. :
Other physical details ill. ;
Dimensions 24 cm.
500 ## - GENERAL NOTE
General note Includes index.
650 #0 - SUBJECT ADDED ENTRY--TOPICAL TERM
Topical term or geographic name as entry element Soil mechanics.
9 (RLIN) 18558
650 #0 - SUBJECT ADDED ENTRY--TOPICAL TERM
Topical term or geographic name as entry element Foundations.
9 (RLIN) 18559
700 ## - ADDED ENTRY--PERSONAL NAME
Personal name Kumar Jain, Ashok.
9 (RLIN) 18560
700 ## - ADDED ENTRY--PERSONAL NAME
Personal name Kumar Jain, Arun.
9 (RLIN) 18561
942 ## - ADDED ENTRY ELEMENTS (KOHA)
Item type Book - Borrowing
Call number prefix 624.15PUN
Source of classification or shelving scheme Dewey Decimal Classification
Holdings
Withdrawn status Item status Source of classification or shelving scheme Damaged status Not for loan Vendor Home library Current library Shelving location Date acquired Source of acquisition Cost, normal purchase price Total Checkouts Total Renewals Full call number Barcode Date last seen Date last borrowed Cost, replacement price Koha item type
    Dewey Decimal Classification       Central Library Central Library First floor 07/09/2010   262.50 1 1 624.15 PUN 000003728 15/07/2025 09/04/2012 328.13 Book - Borrowing